License to Spill : How Do We Discuss Spillovers in Article IV Staff Reports /

This paper dives into the Fund's historical coverage of cross-border spillovers in its surveillance. We use a state-of-the-art deep learning model to analyze the discussion of spillovers in all IMF Article IV staff reports between 2010 and 2019. We find that overall, while the discussion of spi...

Повний опис

Бібліографічні деталі
Автор: Barkema, Jelle
Інші автори: Mircheva, Borislava, Mrkaic, Mico, Yang, Yuanchen
Формат: Журнал
Мова:English
Опубліковано: Washington, D.C. : International Monetary Fund, 2021.
Серія:IMF Working Papers; Working Paper ; No. 2021/134
Предмети:
Онлайн доступ:Full text available on IMF
LEADER 02247cas a2200325 a 4500
001 AALejournalIMF021648
008 230101c9999 xx r poo 0 0eng d
020 |c 18.00 USD 
020 |z 9781513573670 
022 |a 1018-5941 
040 |a BD-DhAAL  |c BD-DhAAL 
100 1 |a Barkema, Jelle. 
245 1 0 |a License to Spill :   |b How Do We Discuss Spillovers in Article IV Staff Reports /  |c Jelle Barkema, Borislava Mircheva, Mico Mrkaic, Yuanchen Yang. 
264 1 |a Washington, D.C. :  |b International Monetary Fund,  |c 2021. 
300 |a 1 online resource (25 pages) 
490 1 |a IMF Working Papers 
500 |a <strong>Off-Campus Access:</strong> No User ID or Password Required 
500 |a <strong>On-Campus Access:</strong> No User ID or Password Required 
506 |a Electronic access restricted to authorized BRAC University faculty, staff and students 
520 3 |a This paper dives into the Fund's historical coverage of cross-border spillovers in its surveillance. We use a state-of-the-art deep learning model to analyze the discussion of spillovers in all IMF Article IV staff reports between 2010 and 2019. We find that overall, while the discussion of spillovers decreased over time, it was pronounced in the staff reports of some systemically important economies and during periods of global spillover events. Spillover discussions were more prominent in staff reports covering advanced and emerging market economies, possibly reflecting their role as sources of global spillovers. The coverage of spillovers was higher in the context of the real, financial, and external sectors. Also, countries with larger economies, higher trade and capital account openess and lower inflation are more likely to discuss spillovers in their Article IV staff reports. 
538 |a Mode of access: Internet 
650 7 |a Externalities  |2 imf 
650 7 |a Foreign Exchange  |2 imf 
650 7 |a Informal Economy  |2 imf 
650 7 |a Underground Econom  |2 imf 
700 1 |a Mircheva, Borislava. 
700 1 |a Mrkaic, Mico. 
700 1 |a Yang, Yuanchen. 
830 0 |a IMF Working Papers; Working Paper ;  |v No. 2021/134 
856 4 0 |z Full text available on IMF  |u http://elibrary.imf.org/view/journals/001/2021/134/001.2021.issue-134-en.xml  |z IMF e-Library